000 nam a22 7a 4500
999 _c7463
_d7463
008 170908b xxu||||| |||| 00| 0 eng d
020 _a9788183076074
100 _aBalwani Aditi
_93988
245 _aDeutsch und ich
260 _aNew Delhi
_bGoyal Publishers
_c2017